Economic Aspects of the Cultural Sector in Poland

Skúmanie vzájomného vzťahu medzi kultúrou a ekonomikou. Hospodárska analýza kreatívneho priemyslu a kultúrneho sektora ako súčasti výdavkov štátneho rozpočtu, vlády a domácností. Porovnanie výdavkov na kultúru s inými európskymi krajinami.

Guardado en:
Detalles Bibliográficos
Autor principal: Ścibiorska-Kowalczyk, Izabela
Formato: Capítulo de libro
Lenguaje:inglés
Materias:
Etiquetas: Agregar Etiqueta
Sin Etiquetas, Sea el primero en etiquetar este registro!

MARC

LEADER 00000naa a2200000 4500
001 0267681
005 20220719070817.8
041 0 |a eng 
044 |a CZ 
245 1 0 |a Economic Aspects of the Cultural Sector in Poland  |c Izabela Ścibiorska-Kowalczyk 
520 |a Skúmanie vzájomného vzťahu medzi kultúrou a ekonomikou. Hospodárska analýza kreatívneho priemyslu a kultúrneho sektora ako súčasti výdavkov štátneho rozpočtu, vlády a domácností. Porovnanie výdavkov na kultúru s inými európskymi krajinami. 
610 2 0 |a kultúra 
610 2 0 |a priemysel kreatívny 
610 2 0 |a ekonómia 
610 2 0 |a výdavky 
610 2 0 |a porovnanie štatistické medzinárodné 
100 1 |a Ścibiorska-Kowalczyk, Izabela